4 to 13 Letter 'M' Places Quiz Stats

Quiz Updated Apr 13, 2018

Challenge
Share
Tweet
Embed
Score 0/10 Timer 02:00
0 Plays Today
Clue 'M'-Place % Correct
West African landlocked countryMali
94.2%
One of the New England statesMaine
93%
Country sandwiched by Ukraine and RomaniaMoldova
82.2%
State home to the second largest river in the USMississippi
81.4%
One of Thirteen Colonies stateMassachusetts
80.8%
Nation that was formerly part of YugoslaviaMacedonia
75.2%
North American capital (two words)Mexico City
68.7%
Southeast Asian capitalManila
55.8%
South Asian island country known for its blue lagoonsMaldives
33.5%
City in Riverside County, California (two words)Moreno Valley
7.2%

You're not logged in!

Compare scores with friends on all Sporcle quizzes.
Join for Free
OR
Log In

You Might Also Like...

Show Comments

Extras

Top Quizzes Today


Score Distribution

Your Account Isn't Verified!

In order to create a playlist on Sporcle, you need to verify the email address you used during registration. Go to your Sporcle Settings to finish the process.

Report this User

Report this user for behavior that violates our Community Guidelines.

Details: